02208nam a2200301Ia 4500008004100000040001800041041000800059242012000067245011000187246012100297260005200418300004900470490006400519500053900583500019501122500020901317505002501526506002201551520011601573546002401689650002801713650003701741650001201778650002801790700002001818700004901838700001901887130821s1839 fr ab gree spa  aCo-BoUCMbspa0 afre00aDiccionario del Comercio y de las MercancíasbIncluye todo lo relacionado con el comercio terrestre y marítimo.00aDictionnaire du Commerce et des Marchandisesbcontenant tout ce qui concerne le comerce de terre et de me13a[Diccionario del Comercio y de las MercancíasbIncluye todo lo relacionado con el comercio terrestre y marítimo] aParís (Francia)bGuillaumin et ciec1839-1841 a2 volúmenes[996; 998-2252 páginasbmapas aEncyclopédie du commercant [Enciclopedia del comerciante] aDetalles físicos (Colección): Encuadernación rígida en cartón duro forrado en piel, con bastante deterioro en lomo, tapas, bordes y esquinas. Lomo con tejuelos de cuero de color; letras y adornos en dorado. Guardas en papel de agua. Anteportada. Portada sencilla, impresa a una sola tinta, con diversos tipos y tamaños de caracteres. Texto muy bien impreso en dos columnas, separadas por una línea vertical, sobre papel de calidad, manchado por la humedad. Al final, algunas páginas están impresas en tres columnas. aOtros detalles (V.1) : Papel de página 267, cortado defectuosamente. En la portada, un sello de tinta, con anotación de propiedad, que dice: "El Colegio de Nuestra Señora del Rosario". aOtros detalles (V.2): Entre pág 1712 y 173, mapa de Francia (restaurado y pegado. En la portada, un sello de tinta, con anotación de propiedad, que dice: "El Colegio de Nuestra Señora del Rosario" . aV.1: A-F -- V.2: G-Z aConsulta en sala. aVocabulario en orden alfabético de temas relacionados con el comercio terrestre y marítimo de mercancías. aTexto en francés.04aComerciovEnciclopedias04aDerecho comercialvEnciclopedias04aDerecho04aMercadeovEnciclopedias1 aBourgogneeimp.1 aGuillaumincM.q (Gilbert-Urbain)d1801-18641 aMartineteimp.